DC. DUTTA'S TB. OF GYNECOLOGY (Record no. 18737)

MARC details
000 -LEADER
fixed length control field 00351nam a22001577a 4500
003 - CONTROL NUMBER IDENTIFIER
control field SGT
020 ## - INTERNATIONAL STANDARD BOOK NUMBER
International Standard Book Number 978-93-85891-59-5
082 ## - DEWEY DECIMAL CLASSIFICATION NUMBER
Classification number 618.1
Item number D16K
100 ## - MAIN ENTRY--PERSONAL NAME
Personal name KONAR, HIRALAL
245 ## - TITLE STATEMENT
Title DC. DUTTA'S TB. OF GYNECOLOGY
250 ## - EDITION STATEMENT
Edition statement 7TH
260 ## - PUBLICATION, DISTRIBUTION, ETC. (IMPRINT)
Place of publication, distribution, etc INDIA
Name of publisher, distributor, etc JAYPEE PUB
Year of Publication 2016
300 ## - PAGE DESCRIPTION
No. of Pages 574
650 ## - SUBJECT ADDED ENTRY--TOPICAL TERM
Topical term or geographic name as entry element OBSTETRICS
942 ## - ADDED ENTRY ELEMENTS (KOHA)
Source of classification or shelving scheme Dewey Decimal Classification
Koha item type Books
942 ## - ADDED ENTRY ELEMENTS (KOHA)
-- 10
Holdings
Withdrawn status Lost status Source of classification or shelving scheme Damaged status Not for loan Collection code Home library Current library Shelving location Date acquired Vendor Name Cost, normal purchase price SGTU Bill Number Total Checkouts Full call number Accession No. (Barcode) Date last seen Date last borrowed Bill Date Koha item type
    Dewey Decimal Classification     MEDICAL SGT Medical Library SGT Medical Library Text Book 03/08/2019 ABC DELHI 895.00 SGTU 11141 8 618.1 D16K FM11666 25/12/2021 13/12/2021 03/07/2019 Books
    Dewey Decimal Classification     MEDICAL SGT Medical Library SGT Medical Library Text Book 03/08/2019 ABC DELHI 895.00 SGTU 11141   618.1 D16K FM11667 03/08/2019   03/07/2019 Books
    Dewey Decimal Classification     MEDICAL SGT Medical Library SGT Medical Library Text Book 03/08/2019 ABC DELHI 895.00 SGTU 11141   618.1 D16K FM11668 03/08/2019   03/07/2019 Books
    Dewey Decimal Classification     MEDICAL SGT Medical Library SGT Medical Library Text Book 03/08/2019 ABC DELHI 895.00 SGTU 11141 10 618.1 D16K FM11669 13/12/2021 06/12/2021 03/07/2019 Books
    Dewey Decimal Classification     MEDICAL SGT Medical Library SGT Medical Library Text Book 03/08/2019 ABC DELHI 895.00 SGTU 11141 13 618.1 D16K FM11670 16/12/2022 16/12/2022 03/07/2019 Books